00365nam a2200145Ia 4500008004100000020001800041041000800059082002100067100001600088245005400104260002100158300000800179365001600187700001600203230718s9999 xx 000 0 und d a9781846144721 aeng a305.23'0973bSAN aSandel M.J. aWhat Money Can't BuybThe Moral Limits Of Markets c2012bAllen Lane a244 cRs.b650.00 aSandel M.J.